00669 2200241 4500001002100000005001500021035002000036007000300056008004100059020002100100082001000121084002000131084002000151084002000171100001700191245008100208250001400289260004000303300004500343990001300388990001300401990001300414INLIS00000000000932420230626102412 a0010-0623000118ta230626 g 0 ind  a978-02-5790-88-1 a745.5 a745.5 RAN o C.1 a745.5 RAN o C.2 a745.5 RAN o C.30 aRana Kinasih1 aOlah Limbah Jadi Berkah :bAneka Kerajinan dari Limbah Kaca /cRana Kinasih acet. 2022 aYogyakarta :bhijaz pustaka mandiri a136 hlm :billus bergambar ;c17 x 24 cm a023.3083 a023.3084 a023.3085